000 00430nam a2200181Ia 4500
001 9140
005 20260306160701.0
008 260306t2014||||xx |||||||||||||| ||spa||
041 _aESP
082 _a372.87
_bG49A
100 _aGiráldez, Andrea
_eAUT
245 0 _aDidáctica de la música en primaria
260 _c2014
300 _a167 páginas :
_c23 cm.
650 _aGEN
654 _aCED
942 _cLIB
_dJUS
_fJUS
_2ddc
_n
999 _c9140
_d9140